Normal view
MARC view
Entry Personal Name
001 - CONTROL NUMBER
- control field: 160160
003 - CONTROL NUMBER IDENTIFIER
- control field: OSt
005 - DATE AND TIME OF LATEST TRANSACTION
- control field: 20220923211301.0
008 - FIXED-LENGTH DATA ELEMENTS
- fixed length control field: 220923|| aca||aabn | a|a d
040 ## - CATALOGING SOURCE
- Original cataloging agency: OSt
- Transcribing agency: OSt
100 ## - HEADING--PERSONAL NAME
- Personal name: गोल्ंिडग, पीटर; सुधा सिंह, संपा
670 ## - SOURCE DATA FOUND
- Source citation: Work cat.: (OSt)298126: गोल्ंिडग, पीटर; सुधा सिंह, संपा., जनमाध्यम, 2010
